000 02147cam a2200313 4500500
005 20260208005321.0
041 _afre
042 _adc
100 1 0 _aBarral, Pierre
_eauthor
245 0 0 _aGambetta et Ferry, amis et rivaux
260 _c2009.
500 _a23
520 _aRESUME Gambetta et Ferry ont joué tous deux un rôle décisif dans la fondation de la IIIe République. L’examen de leurs correspondances permet de suivre l’évolution subtile de leur relation personnelle. Dans leur combat commun, le Lorrain réservé a subi l’ascendant du Méridional éloquent et il s’est vite tissé entre eux une chaleureuse amitié. Peu à peu, celle-ci s’est distendue et, après la conquête du pouvoir par les républicains, les ambitions se sont durement affrontées. Aujourd’hui, Ferry, loué pour son œuvre scolaire, désavoué pour son œuvre coloniale, demeure plus présent que son ami et rival dans la mémoire collective des Français.
520 _aABSTRACT Gambetta and Ferry have both played a determinant part in the IIIrd Republic foundation. The study of their letters allows to observe the subtle evolution of their personal intercourse. In their common fight, the reserved Lorrain has been subjected to the influence of the eloquent Meridional and they stroke up a hearty friendship. This relationship insensibly slackened and, after the republican victory, their ambitions roughly attacked each other. To day, Ferry, praised for his school reforms, disapproved for his colonial part, remains more alive than his friend and rival in the collective remebrance of French people.
690 _aDéfense nationale
690 _aécole laïque
690 _aFerry
690 _aGambetta
690 _aIIIe République
690 _aopportunistes
690 _aDéfense nationale
690 _aFerry
690 _aGambetta
690 _aIIIrd Republic
690 _aOpportunists
690 _aSchool reform
786 0 _nRevue historique | 648 | 4 | 2009-02-17 | p. 891-919 | 0035-3264
856 4 1 _uhttps://shs.cairn.info/revue-historique-2008-4-page-891?lang=fr&redirect-ssocas=7080
999 _c1651564
_d1651564